000 00606nam a2200229Ia 4500
003 OSt
005 20221007071951.0
006 a|||||r|||| 00| 0
007 ta
008 221006b |||||||| |||| 00| 0 eng d
024 _a15,125
037 _cTextual
040 _aFLL
_cFLL
_beng
041 _2eng
_aeng
082 _aX:94:Z3, L8
100 _aDewis M. Au.
_9689757
245 0 _aLaw on health and safety at work
260 _aLondon
_bMcdonald and Evans London
_c1978
300 _axx,378p
_ccm.
942 _hX:94:Z3, L8
_cTEXL
_2CC
999 _c1144813
_d1144813